| 000 | 00608nab a2200205 a 4500 | ||
|---|---|---|---|
| 005 | 20210219161923.0 | ||
| 008 | 991125s1985 mx 000 0 spa u | ||
| 035 | _aUPN01000194503 | ||
| 100 | 1 | _aOseguera, Andrés | |
| 100 | 1 | _uandresoseguera@hotmail.com | |
| 222 | _aALTERIDADES | ||
| 245 | _aRelaciones rituales y contradicción en la fiesta patronal de los chontales de San Pedro Huamelula, Oaxaca | ||
| 260 | _aMéxico | ||
| 300 | _a95-108 | ||
| 362 | 0 | _a2010 Año 20, no. 40, jul.-dic. | |
| 653 | 0 | _aRITUALES | |
| 653 | 0 | _aDANZA TRADICIONAL | |
| 653 | 0 | _aOAXACA, MEXICO | |
| 905 | _aArticulo | ||
| 999 |
_c166604 _d166604 |
||